Política, democracia, liderazgo : (Record no. 197935)

MARC details
000 -LEADER
campo de control de longitud fija 01270nam a2200349 i 4500
001 - NÚMERO DE CONTROL
campo de control 197935
003 - IDENTIFICADOR DE NÚMERO DE CONTROL
campo de control ES-MaACL
005 - FECHA Y HORA DE LA ÚLTIMA TRANSACCIÓN
campo de control 20251217063027.0
008 - DATOS DE LONGITUD FIJA--INFORMACIÓN GENERAL
campo de control de longitud fija 251105b2019 ag ||||| |||| 00| 0 spa d
020 ## - NÚMERO INTERNACIONAL ESTÁNDAR DEL LIBRO
Número Internacional Estándar del Libro 978-950-649-872-6
040 ## - FUENTE DE CATALOGACIÓN
Lengua de catalogación spa
Centro/agencia transcriptor ES-MaACL
Centro catalogador/agencia de origen ES-MaACL
Normas de descripción rda
080 ## - NÚMERO DE LA CLASIFICACIÓN DECIMAL UNIVERSAL
Número de la Clasificación Decimal Universal 316.46:32
100 1# - ENTRADA PRINCIPAL--NOMBRE DE PERSONA
9 (RLIN) 242480
Nombre de persona Petros, Ana
Término indicativo de función/relación Autor
245 10 - MENCIÓN DEL TÍTULO
Título Política, democracia, liderazgo :
Resto del título ¿efectos del inconsciente? /
Mención de responsabilidad, etc. Ana Petros
250 ## - MENCION DE EDICION
Mención de edición Primera edición: septiembre 2019
264 #1 - PRODUCCIÓN, PUBLICACIÓN, DISTRIBUCIÓN, FABRICACIÓN Y COPYRIGHT
Producción, publicación, distribución, fabricación y copyright Buenos Aires :
Nombre del de productor, editor, distribuidor, fabricante Letra Viva,
Fecha de producción, publicación, distribución, fabricación o copyright 2019
264 #4 - PRODUCCIÓN, PUBLICACIÓN, DISTRIBUCIÓN, FABRICACIÓN Y COPYRIGHT
Producción, publicación, distribución, fabricación y copyright ©2019
300 ## - DESCRIPCIÓN FÍSICA
Extensión 94 páginas ;
Dimensiones 19 cm
336 ## - TIPO DE CONTENIDO
Fuente rdacontent
Término de tipo de contenido texto
337 ## - TIPO DE MEDIO
Fuente rdamedia
Nombre/término del tipo de medio sin mediación
338 ## - TIPO DE SOPORTE
Fuente rdacarrier
Nombre/término del tipo de soporte volumen
490 0# - MENCIÓN DE SERIE
Mención de serie Ensayo psicoanalítico
500 ## - NOTA GENERAL
Nota general Ejemplar firmado y dedicado por la autora
504 ## - NOTA DE BIBLIOGRAFÍA, ETC.
Nota de bibliografía, etc. Bibliografía: páginas 93-94. Índice
650 #4 - PUNTO DE ACCESO ADICIONAL DE MATERIA--TÉRMINO DE MATERIA
Fuente del encabezamiento o término embne
9 (RLIN) 14457
Término de materia o nombre geográfico como elemento de entrada Liderazgo
650 #4 - PUNTO DE ACCESO ADICIONAL DE MATERIA--TÉRMINO DE MATERIA
Término de materia o nombre geográfico como elemento de entrada Política
9 (RLIN) 140345
852 ## - LOCALIZACIÓN
Ubicación ES-MaACL
Ubicación en estantería Depósito 1
Número de control de estantería A-15889
Anotaciones manuscritas Dedicatoria autógrafa de la autora
Donativo/Legado Donación: Ana Petros
Encuadernación Encuadernación rústica con solapas
itemnumber 206991
942 ## - ELEMENTOS DE ENTRADA SECUNDARIOS (KOHA)
Tipo de ítem Koha Libro impreso
Suprimir en OPAC No
Holdings
Estatus retirado Estado de pérdida Fuente del sistema de clasificación o colocación Estado de daño No para préstamo Biblioteca de origen Biblioteca actual Ubicación en estantería Fecha de adquisición Fuente de adquisición Total de préstamos Signatura topográfica completa Código de barras Visto por última vez Precio de reemplazo Tipo de ítem Koha Nota pública
    Clasificación decimal universal     Biblioteca del Ateneo de Madrid Biblioteca del Ateneo de Madrid Depósito 1 05/11/2025 Donación   A-15889 2025-1356 15/12/2025 15/12/2025 Libro impreso Dedicatoria autógrafa de la autora